000 00386nam a2200145Ia 4500
008 220216s9999 xx 000 0 und d
100 _aDey S.K.
245 0 _aEco-friendliness and sustainability of rubber plantation
260 _bPlanters' Chronicle
_c2004
300 _a23-27
650 _aEcofriendliness
650 _aRubber plantation
650 _aSustainability
942 _cBS
999 _c51588
_d51588